| 000 | 00589nam a22001937a 4500 | ||
|---|---|---|---|
| 003 | OSt | ||
| 005 | 20130517101546.0 | ||
| 008 | 130517s1999 sp ||||| |||| 00| 0 spa d | ||
| 020 | _a8481829645 | ||
| 040 | _cCDMR | ||
| 100 | 1 |
_93453 _aPasolini, Pier Paolo _d1922-1975 |
|
| 245 | 1 | 4 |
_aLas películas de los otros _cPier Paolo Pasolini |
| 260 |
_aBarcelona _bPrensa Ibérica _c1999 |
||
| 300 | _a231 p. | ||
| 490 | 0 |
_aClásicos de la Prensa _v6 |
|
| 600 | 1 |
_93453 _aPasolini, Pier Paolo _d1922-1975 _vRecull d'escrits |
|
| 650 | 0 | 4 |
_93454 _aCinematrografia _vHistòria i crítica |
| 942 |
_2udc _cMON |
||
| 999 |
_c6277 _d6277 |
||